000 00755nam a22002057a 4500
005 20240530110933.0
008 220221s1966 ua c g b 000 0 ara d
017 _bمصر. دار الكتب
040 _aEG-CaGPL
_cEG-CaGPL
082 0 4 _221
_a350.1 /
_bم ش
100 0 1 _aمحمود رشاد الحداد
245 1 0 _aشرح اللائحة الجديدة للعاملين فى القطاع العام /
_cتاليف محمود رشاد الحداد
260 _aالقاهرة :
_bمكتبة الاهرام الاقتصادى ،
_c1966
300 _a110 ص ؛
_c20 سم
650 0 7 _aالقطاع العام
_2qrmak
650 0 7 _aالعمال
_2qrmak
651 _2qrmak
942 _2ddc
_cBK
999 _c66691
_d66691